000 00592nam a22001937a 4500
008 220302b |||||||| |||| 00| 0 eng d
020 _a9780803644182
050 _aRT .N84 2016
100 _aNugent, : Nugent, Patricia M
245 _aTest success :
_btest-taking techniques for beginning nursing students/
_cPatricia M Nugent
250 _a2ND ED.
260 _aUS:
_bPhiladelphia,
_c2016.
300 _axxii,492p. :
_bill. ;
_c37cm
500 _aincludes index.
600 _2Nursing
700 _a Vitale
700 _aBarbara Ann
942 _2lcc
_cBOOKS
_hRT .N84 2016
999 _c31336
_d31336